<?xml version="1.0" encoding="UTF-8"?>
<record
    xmlns:xsi="http://www.w3.org/2001/XMLSchema-instance"
    xsi:schemaLocation="http://www.loc.gov/MARC21/slim http://www.loc.gov/standards/marcxml/schema/MARC21slim.xsd"
    xmlns="http://www.loc.gov/MARC21/slim">

  <leader>03048    a2200217   4500</leader>
  <controlfield tag="001">47025</controlfield>
  <controlfield tag="005">20260407155739.0</controlfield>
  <controlfield tag="008">260407a1986    arg                 spa d</controlfield>
  <controlfield tag="003">AR-UNSa-BCEJYS</controlfield>
  <datafield tag="040" ind1=" " ind2=" ">
    <subfield code="a">AR-UNSa-BCEJYS</subfield>
    <subfield code="b">spa</subfield>
    <subfield code="c">AR-UNSa-BCEJYS</subfield>
  </datafield>
  <datafield tag="080" ind1=" " ind2=" ">
    <subfield code="a">330.101</subfield>
    <subfield code="x">Ciencia econ&#xF3;mica en general. La econom&#xED;a y sus problemas. Objeto y m&#xE9;todos de la econom&#xED;a pol&#xED;tica </subfield>
  </datafield>
  <datafield tag="245" ind1="1" ind2="0">
    <subfield code="a">Lecturas de econom&#xED;a Pol&#xED;tica</subfield>
  </datafield>
  <datafield tag="020" ind1=" " ind2=" ">
    <subfield code="a">84-7209-198-8</subfield>
  </datafield>
  <datafield tag="264" ind1=" " ind2="1">
    <subfield code="a">Madrid :</subfield>
    <subfield code="b">Union Editorial</subfield>
    <subfield code="c">1986</subfield>
  </datafield>
  <datafield tag="300" ind1=" " ind2=" ">
    <subfield code="a">2v. (306; 303) p.</subfield>
    <subfield code="c">23 cm.</subfield>
  </datafield>
  <datafield tag="505" ind1=" " ind2=" ">
    <subfield code="a">Vol. I: 1. M&#xE9;todo y crisis en la ciencia econ&#xF3;mica / Jes&#xFA;s Huerta de Soto - 2. Una primera lecci&#xF3;n de Econom&#xED;a / J. Siegfried - 3. El papel del conocimiento / Thomas Sowell - 4. El empresario / Israel M. Kirzner - 5. La ley b&#xE1;sica de determinaci&#xF3;n del precio / Eugen von Boehm-Bawerk - 6. Competencia y monopolio / Israel M. Kirzner - 7. Tom Smith y la incre&#xED;ble m&#xE1;quina de hacer pan / R. W. Grant - 8. Lo ilusorio del precio del monopolio / Murray N. Rothbard - 9. Teor&#xED;a del dinero / Carl Menger - 10. La confusi&#xF3;n sobre la Ley de Gresham / Friedrich A. Hayek - 11. La teor&#xED;a austriaca del ciclo econ&#xF3;mico / Jes&#xFA;s Huerta de Soto - 12. La inflaci&#xF3;n, el err&#xF3;neo empleo del factor trabajo y el paro / Friedrich A. Hayek - 13. El paro es la inexorable consecuencia de la inflaci&#xF3;n / Friedrich A. Hayek - 14. Un medio para acabar con la inflaci&#xF3;n: la libre elecci&#xF3;n de moneda / Friedrich A. Hayek - 15. Una nota sobre el monetarismo / Friedrich A. Hayek - 16. Atesoramiento y sistema keynesiano / Murray N. Rothbard -- Vol. II: 1. Falacias del sistema keynesiano / Murray N. Rothbard - 2. La fijaci&#xF3;n general del precio de los factores de producci&#xF3;n / Murray N. Rothbard - 3. &#xBF;Es el trabajo una mercanc&#xED;a? / Jes&#xFA;s Huerta de Soto - 4. El paro y los sindicatos en los a&#xF1;os ochenta / Friedrich A. Hayek - 5. Leyes del salario m&#xED;nimo / Henry Hazlitt - 6. Historia y pol&#xED;tica / Friedrich A. Hayek - 7. Los intelectuales europeos y el capitalismo / Bertrand de Jouvenel - 8. El sistema de la f&#xE1;brica a principios del siglo XIX / William H. Hutt - 9. Leyes, mandatos y orden social / Friedrich A. Hayek - 10. El orden de mercado o catalaxia / Friedrich A. Hayek - 11. La disciplina de las normas abstractas y los impulsos emocionales de la sociedad tribal / Friedrich A. Hayek - 12. Libertad econ&#xF3;mica y libertad pol&#xED;tica / Milton Friedman - 13. Los impuestos desalientan la producci&#xF3;n / Henry Hazlitt - 14. Discurso en la Fundaci&#xF3;n March / Ronald Reagan - 15. La pol&#xED;tica de rentas en la Alemania nazi y el milagro de Erhard / Samuel Brittan y Peter Lilley - 16. Bienestar para todos / Ludwing Erhard - 17. Nacimiento de la econom&#xED;a de libre mercado / Ludwing Erhard - 18. Libertad financiera / Francisco Cabrillo - 19. El odio a la m&#xE1;quina/ Henry Hazlitt. </subfield>
  </datafield>
  <datafield tag="942" ind1=" " ind2=" ">
    <subfield code="c">BK</subfield>
  </datafield>
  <datafield tag="590" ind1=" " ind2=" ">
    <subfield code="a">niveau_biblio:m niveau_hierar:0</subfield>
  </datafield>
  <datafield tag="100" ind1="1" ind2=" ">
    <subfield code="a">Huerta de Soto, Jes&#xFA;s</subfield>
  </datafield>
  <datafield tag="856" ind1="4" ind2="1">
    <subfield code="u">https://www.biblioeco.unsa.edu.ar/pmb/images/libros/L127375.jpg</subfield>
    <subfield code="y">Imagen de portada</subfield>
    <subfield code="q">image/jpeg</subfield>
  </datafield>
  <datafield tag="999" ind1=" " ind2=" ">
    <subfield code="c">4273</subfield>
    <subfield code="d">4273</subfield>
  </datafield>
  <datafield tag="952" ind1=" " ind2=" ">
    <subfield code="0">0</subfield>
    <subfield code="1">0</subfield>
    <subfield code="4">0</subfield>
    <subfield code="7">0</subfield>
    <subfield code="a">BCEJYS</subfield>
    <subfield code="b">BCEJYS</subfield>
    <subfield code="c">16</subfield>
    <subfield code="d">2026-04-07</subfield>
    <subfield code="l">0</subfield>
    <subfield code="o">330.101 H887 v.1</subfield>
    <subfield code="p">L127375</subfield>
    <subfield code="r">2026-04-07 15:57:39</subfield>
    <subfield code="w">2026-04-07</subfield>
    <subfield code="y">L</subfield>
  </datafield>
  <datafield tag="952" ind1=" " ind2=" ">
    <subfield code="0">0</subfield>
    <subfield code="1">0</subfield>
    <subfield code="4">0</subfield>
    <subfield code="7">0</subfield>
    <subfield code="a">BCEJYS</subfield>
    <subfield code="b">BCEJYS</subfield>
    <subfield code="c">16</subfield>
    <subfield code="d">2026-04-07</subfield>
    <subfield code="l">0</subfield>
    <subfield code="o">330.101 H887 v.2</subfield>
    <subfield code="p">L127376</subfield>
    <subfield code="r">2026-04-07 15:57:39</subfield>
    <subfield code="w">2026-04-07</subfield>
    <subfield code="y">L</subfield>
  </datafield>
</record>
